Piłka nożna - Bayern - nagła śmierć - Statystyki

Ogólne statystyki
  • Ten quiz został rozwiązany 450 razy
  • Średni wynik to 24 z 27
Answers on the Grid
Answers color-coded by a green-red scale on the quiz's grid according to % correct below.
Robert Lewandowski
Gerd Muller
Franz Beckenbauer
Alessandro Del Piero
Arjen Robben
Lamine Yamal
Mohamed Salah
Matthijs de Ligt
Niklas Sule
Kingsley Coman
Joshua Kimmich
Thomas Muller
Kylian Mbappe
Gonzalo Higuain
David Alaba
Mats Hummels
Lotar Matthaus
Roberto Firmino
Leon Goretzka
Frenkie de Jong
James Rodriguez
Gareth Bale
Paulo Dybala
Alphonso Davies
Harry Kane
Lionel Messi
Jamal Musiala
Michael Olise
Andre Schurrle
Łukasz Piszczek
Dayot Upamecano
Mario Gotze
Cristiano Ronaldo
Gianluigi Buffon
Javi Martinez
Paul Pogba
Erling Haaland
Riyad Mahrez
Niclas Fullkrug
Manuel Neuer
Miroslav Klose
Wojciech Szczęsny
Neymar
Douglas Costa
Kim Min-jae
Florian Wirtz
Franck Ribery
Eric Maxim Choupo-Moting
 
Statystyki odpowiedzi
Odpowiedź % Poprawnych
Robert Lewandowski
99%
Gerd Muller
98%
Arjen Robben
97%
Franz Beckenbauer
96%
Joshua Kimmich
96%
Kingsley Coman
96%
Thomas Muller
95%
David Alaba
93%
Leon Goretzka
92%
Alphonso Davies
91%
Mats Hummels
91%
Matthijs de Ligt
91%
Jamal Musiala
90%
Lotar Matthaus
89%
Harry Kane
88%
Michael Olise
88%
Niklas Sule
88%
Dayot Upamecano
86%
Mario Gotze
85%
Manuel Neuer
82%
Franck Ribery
81%
James Rodriguez
81%
Eric Maxim Choupo-Moting
79%
Kim Min-jae
78%
Miroslav Klose
74%
Douglas Costa
71%
Javi Martinez
69%
Nie znaleziono quizów pasujących do podanych kryteriów
Rozkład punktacji
Procent ludzi z każdym wynikiem
Percentyl według liczby udzielonych odpowiedzi
Twoja historia wyników
Nie rozwiązałeś tego quizu